| 000 | 00715pam a2200241 a 4500 | ||
|---|---|---|---|
| 001 | 2506790 | ||
| 005 | 20180124040032.0 | ||
| 008 | 920731s1993 paua b 001 0 eng c | ||
| 010 | _a 92049971 | ||
| 020 | _a0397512074 | ||
| 040 |
_aDNLM/DLC _cDLC _dDLC |
||
| 041 | _aeng | ||
| 060 | _aQZ 200 P957 | ||
| 080 | _a618.92994 piz | ||
| 082 | 0 | 0 |
_a618.92994 piz _220 |
| 100 | _a8 | ||
| 101 | _aped | ||
| 245 | 0 | 0 |
_aPrinciples and practice of pediatric oncology / _cedited by Philip A. Pizzo, David G. Poplack ; with 124 contributors. |
| 504 | _aIncludes bibliographical references and index. | ||
| 906 |
_a7 _bcbc _corignew _d1 _eocip _f19 _gy-gencatlg |
||
| 942 |
_2ddc _cBK |
||
| 999 |
_c40830 _d40830 |
||